Statistics for Famous Child Stars by Last Name

Click here to take the quiz!

General Stats

  • This quiz has been taken 6,750 times
    (6,727 since last reset)
  • The average score is 25 of 45

Answer Stats

Last Name Known for ... First Name % Correct
BarrymoreE.T.Drew
95%
DiCaprioGrowing PainsLeonardo
92%
LohanThe Parent TrapLindsay
92%
GarlandThe Wizard of OzJudy
90%
TempleMany short filmsShirley
88%
DuffLizzie McGuireHilary
86%
FanningI Am SamDakota
85%
WatsonHarry PotterEmma
85%
RadcliffeHarry PotterDaniel
84%
GoslingMickey Mouse ClubRyan
84%
FosterTaxi DriverJodie
80%
OlsenFull HouseMary-Kate
79%
CulkinHome AloneMacaulay
79%
LeBeoufEven StevensShia
78%
OlsenFull HouseAshley
77%
BynesThe Amanda ShowAmanda
74%
GomezWizards of Waverly PlaceSelena
71%
RicciThe Addams FamilyChristina
68%
LautnerThe Adventures of
Sharkboy and Lavagirl
Taylor
63%
OsmentThe Sixth SenseHaley Joel
63%
MilanoWho's The Boss?Alyssa
59%
HarrisDoogie Howser, M.D.Neil Patrick
54%
BatemanLittle House on the PrairieJason
51%
SavageThe Wonder YearsFred
49%
CameronGrowing PainsKirk
45%
BreslinLittle Miss SunshineAbigail
44%
ThiessenSaved By The BellTiffani Amber
42%
GilbertLittle House on the PrairieMelissa
42%
MowrySister SisterTia
41%
MowrySister SisterTamera
40%
SprouseThe Suite Life of Zack and CodyDylan
39%
SavageBoy Meets WorldBen
37%
SprouseThe Suite Life of Zack and CodyCole
36%
GosselaarSaved By The BellMark-Paul
35%
ChlumskyMy GirlAnna
35%
OsmentHannah MontanaEmily
35%
WhiteFamily MattersJaleel
32%
CameronFull HouseCandace
32%
ThomasHome ImprovementJonathan Taylor
31%
MathersLeave It To BeaverJerry
26%
WilsonMatildaMara
21%
PintauroWho's The Boss?Danny
20%
StonerCheaper By The DozenAlyson
16%
HallThe Little RascalsBug
8%
HughesKindergarten CopMiko
4%

Score Distribution

Percentile by Number Answered

Percent of People with Each Score

Your Score History

You have not taken this quiz since the last reset